Como en las películas

Guardat en:
Dades bibliogràfiques
Autor principal: Salas Astorga, Dionisio (Autor)
Format: Llibre
Idioma:espanyol
Publicat: Mendoza Luna Roja 2013
Edició:1a. ed
Matèries:
Etiquetes: Afegir etiqueta
Sense etiquetes, Sigues el primer a etiquetar aquest registre!

MARC

LEADER 00000cam a2200000 a 4500
001 UCD0791
003 CL-VaPUC
008 151218e20130000ag |||||||||||||||||spa|d
020 |a 9789873333798 
082 0 4 |a Ar861  |b SAL  |2 21 
100 0 |a Salas Astorga, Dionisio  |e author  |9 583815 
245 1 0 |a Como en las películas 
250 |a 1a. ed 
300 |a 79 p 
942 |c BK 
945 |d 20151218 14:15:00  |a dcastane 
260 |a Mendoza  |b Luna Roja  |c 2013 
650 0 |a Poesía argentina  |9 265575 
650 0 |a Literatura argentina  |9 320596 
583 |a last modification  |c 20151218 14:15:00  |k Rodrigo Vera 
999 |c 362240  |d 362238 
952 |0 0  |1 0  |3 erb  |4 0  |6 AR_861_000000000000000_SAL_2013  |7 0  |8 A  |9 473246  |a BIBEDU  |b BIBEDU  |i 5257778  |l 1  |m 1  |o Ar861 SAL 2013  |p 5257778  |r 2023-09-21  |s 2023-09-07  |w 2019-11-24  |y BK  |z Catalogado en:20151218  |k LIT